000 00494nam a2200169Ia 4500
999 _c16582
_d16582
003 OSt
005 20200606115941.0
008 190216s9999||||xx |||||||||||||| ||und||
040 _cMESKC library
082 _a891.433
_bSHU/T
100 _aShukla, Kamal
_9373
245 0 _aTodia Aur Garam Talab /
_c Kamal Shukla
260 _bSri Bardinay Books Company,
_c2008.
_aNew Delhi:
300 _a102p
650 _aHindi
942 _cBK
_2ddc
_h891.433
_iSHU/T
_k891.433
_mSHU/T